[Event "Buenos Aires op 3rd"]
[Site "Buenos Aires"]
[Date "2025.07.15"]
[Round "7"]
[White "Vecchio, Raul Antonio"]
[Black "Zaslavsky, Sergio"]
[Result "1-0"]
[WhiteElo "1874"]
[BlackElo "1590"]
[PlyCount "54"]
[EventDate "2025.07.11"]
[EventType "swiss"]
[EventRounds "9"]
[EventCountry "ARG"]
[SourceTitle "CB30_2025"]
[SourceDate "2025.07.23"]
[SourceVersion "1"]
[SourceVersionDate "2025.07.23"]
[SourceQuality "1"]

1. e4 c5 2. Nc3 d6 3. d4 cxd4 4. Qxd4 Nc6 5. Qd2 g6 6. b3 Bg7 7. Bb2 Nf6 8. 0-0-0 0-0 9. f3 a6 10. g4 b5 11. Kb1 Ne8 12. h4 Nd4 13. Nd5 e5 14. g5 Be6 15. h5 Bxd5 16. exd5 Nc7 17. Bd3 Nxd5 18. c3 Ne6 19. hxg6 Ndf4 20. gxf7+ Rxf7 21. Bxh7+ Kf8 22. Be4 Nc7 23. Bxa8 Qxa8 24. Qxd6+ Ke8 25. Rh7 Nfe6 26. g6 Re7 27. Ba3 Qd8 1-0

[Event "Buenos Aires op 3rd"]
[Site "Buenos Aires"]
[Date "2025.07.14"]
[Round "6"]
[White "Zaslavsky, Sergio"]
[Black "Cauchi, John Paul"]
[Result "1-0"]
[WhiteElo "1590"]
[BlackElo "1605"]
[PlyCount "98"]
[EventDate "2025.07.11"]
[EventType "swiss"]
[EventRounds "9"]
[EventCountry "ARG"]
[SourceTitle "CB30_2025"]
[SourceDate "2025.07.23"]
[SourceVersion "1"]
[SourceVersionDate "2025.07.23"]
[SourceQuality "1"]

1. e4 c6 2. d3 d5 3. exd5 cxd5 4. d4 Nf6 5. Nf3 Nc6 6. g3 Bg4 7. Bg2 e6 8. c3 Be7 9. Qb3 Qc8 10. Bf4 0-0 11. Nbd2 a6 12. 0-0 b5 13. a3 Bf5 14. Qd1 a5 15. Re1 Qb7 16. Nh4 Bg4 17. Nhf3 b4 18. axb4 axb4 19. Rxa8 Rxa8 20. h3 bxc3 21. bxc3 Bxf3 22. Bxf3 Na5 23. Qc2 Qc6 24. Rb1 Rc8 25. Rb8 Rxb8 26. Bxb8 Qc8 27. Bf4 Nd7 28. Nb1 Bf6 29. Qa4 Nc4 30. Be2 g5 31. Bc1 Ndb6 32. Qc2 Nd6 33. Qd3 Nf5 34. Be3 Nc4 35. g4 Nfxe3 36. fxe3 Qb8 37. e4 Qf4 38. Qf3 Qc1+ 39. Qf1 Qe3+ 40. Kh2 Nd6 41. e5 Ne4 42. Qf3 Qxf3 43. Bxf3 Be7 44. Bxe4 dxe4 45. Nd2 f5 46. exf6 e3 47. Nc4 Bb4 48. Kg3 Kf7 49. Nxe3 Kxf6 1-0

[Event "Buenos Aires op 3rd"]
[Site "Buenos Aires"]
[Date "2025.07.12"]
[Round "2"]
[White "Rodriguez Vila, Andres"]
[Black "Zaslavsky, Sergio"]
[Result "1-0"]
[WhiteElo "2447"]
[BlackElo "1590"]
[PlyCount "56"]
[EventDate "2025.07.11"]
[EventType "swiss"]
[EventRounds "9"]
[EventCountry "ARG"]
[SourceTitle "CB30_2025"]
[SourceDate "2025.07.23"]
[SourceVersion "1"]
[SourceVersionDate "2025.07.23"]
[SourceQuality "1"]

1. e4 e5 2. Nf3 Nf6 3. d4 exd4 4. e5 Nd5 5. Qxd4 Nb6 6. Nc3 Nc6 7. Qe4 h6 8. Bf4 Bb4 9. Bd3 Qe7 10. 0-0 Bxc3 11. bxc3 Qe6 12. c4 Nb4 13. Nd4 Qe7 14. Nb5 Nxd3 15. cxd3 Qc5 16. Be3 Qc6 17. Qxc6 dxc6 18. Nxc7+ Kd8 19. Nxa8 Nxa8 20. Bxa7 Bf5 21. d4 Kd7 22. a4 Bd3 23. Rfc1 Kc7 24. Ra3 Be4 25. f3 Bf5 26. d5 Bd7 27. Rb3 Re8 28. d6+ Kd8 1-0